[Event "POR-ch"]
[Site "?"]
[Date "1992.??.??"]
[Round "8"]
[White "Neto, Horacio"]
[Black "Damaso, Rui"]
[Result "0-1"]
[WhiteElo "2215"]
[BlackElo "2450"]

1.Nf3 Nf6 2.d4 e6 3.c4 b6 4.a3 c5 5.d5 Ba6 6.e3 exd5 7.cxd5 Bxf1 8.Kxf1 g6
9.Nc3 Bg7 10.Ke2 O-O 11.Re1 b5 12.Kf1 Qb6 13.Kg1 d6 14.e4 Nbd7 15.h3 Rfe8
16.Qc2 Rac8 17.Bf4 b4 18.Nd1 b3 19.Qc4 Nh5 20.Bd2 Bd4 21.Bc3 Ne5 22.Nxe5 dxe5
23.Ne3 Nf4 24.Rac1 Qd8 25.Qf1 Qg5 26.Kh2 c4 27.Bxd4 exd4 28.Nxc4 d3 29.Nd2 Rxc1
30.Rxc1 Ne2 31.Rd1 Qe5+ 32.f4 Qxb2 33.e5 Qd4 34.Nxb3 Qxd5 35.Nd2 Qd4 36.g3 Rc8
37.Nf3 Qe3 38.Ne1 Qxg3+ 39.Kh1 Qe3 40.Rxd3 Ng3+  0-1

[Event "Bohemians (Women)"]
[Site "Prague"]
[Date "1992.??.??"]
[Round "3"]
[White "Buechle, Regina"]
[Black "Horvath, Maria"]
[Result "1/2-1/2"]
[WhiteElo "2020"]
[BlackElo "2050"]

1.d4 e6 2.Nf3 Nf6 3.c4 b6 4.a3 Bb7 5.Nc3 d5 6.cxd5 Nxd5 7.e3 Be7 8.Bb5+ Nd7
9.Ne5 Nf6 10.Qa4 a6 11.Bc6 b5 12.Qc2 Qc8 13.Ne4 O-O 14.Nxf6+ Nxf6 15.O-O Bd6
16.Bxb7 Qxb7 17.Nc6 a5 18.Bd2 b4 19.axb4 axb4 20.b3  1/2-1/2

[Event "CSR-ch"]
[Site "Prague"]
[Date "1992.??.??"]
[Round "9"]
[White "Znamenacek, Kvetoslav"]
[Black "Cejkova, Miroslava"]
[Result "1-0"]
[WhiteElo "2335"]
[BlackElo "2100"]

1.d4 Nf6 2.Nf3 e6 3.a3 b6 4.c4 Bb7 5.Nc3 d5 6.cxd5 Nxd5 7.e3 Be7 8.Bb5+ c6
9.Bd3 O-O 10.Qe2 c5 11.O-O cxd4 12.exd4 Nd7 13.Rd1 N7f6 14.Ne5 Rc8 15.Bd2 Qd6
16.Nb5 Qb8 17.Rac1 Rfd8 18.Re1 a6 19.Nc3 b5 20.Nxf7 Kxf7 21.Qxe6+ Kf8 22.Nxd5 Bxd5
23.Qxe7+ Kg8 24.Bf5 Rc4 25.Bf4 Qc8 26.Rxc4 Qxc4 27.Be6+ Kh8 28.Be5 Re8 29.Qxf6  1-0

[Event "Ramat Hasharon"]
[Site "Ramat Hasharon"]
[Date "1992.??.??"]
[Round "7"]
[White "Szabolcsi, Janos"]
[Black "Shabtai, Ran"]
[Result "1-0"]
[WhiteElo "2415"]
[BlackElo "2320"]

1.d4 Nf6 2.Nf3 e6 3.c4 b6 4.a3 Ba6 5.Qc2 Bb7 6.Nc3 c5 7.e4 cxd4 8.Nxd4 Bc5
9.Nb3 Nc6 10.Bf4 O-O 11.Rd1 e5 12.Be3 Bxe3 13.fxe3 Ng4 14.Qe2 Qg5 15.Rxd7 Rab8
16.h4 Qxe3 17.Rh3 Qxe2+ 18.Bxe2 Nf6 19.Rd2 Rfd8 20.Rhd3 Kf8 21.Kf2 Rxd3 22.Bxd3 Rd8
23.Nd5 Nd7 24.Ke3 Nc5 25.Nxc5 bxc5 26.b4 Nd4 27.Rb2 Ne6 28.g3 Rd6 29.b5 Nd4
30.a4 Rg6 31.Kf2 Bxd5 32.exd5 Rf6+ 33.Kg2 Rb6 34.a5 Rb7 35.g4 h6 36.Be4 Ke8
37.d6 Rb8 38.b6 a6 39.b7 g6 40.Rb6  1-0

[Event "Reykjavik"]
[Site "Reykjavik"]
[Date "1992.??.??"]
[Round "3"]
[White "Plaskett, Jim"]
[Black "Stefansson, Hannes"]
[Result "0-1"]
[WhiteElo "2455"]
[BlackElo "2455"]

1.d4 Nf6 2.Nf3 e6 3.c4 b6 4.a3 d5 5.Nc3 Be7 6.cxd5 exd5 7.Bf4 O-O 8.e3 c5
9.Bd3 Nc6 10.Rc1 Bb7 11.O-O h6 12.Ne5 Nxe5 13.dxe5 Ne4 14.Qh5 Qe8 15.Nxe4 dxe4
16.Bc4 b5 17.Ba2 c4 18.b3 Bxa3 19.Rc2 Ba6 20.bxc4 bxc4 21.Bxc4 Rc8 22.Bxh6 Rc6
23.e6 fxe6 24.Qg4 Rf7 25.Qxe4 Rxc4 26.Rxc4 Bxc4 27.Bxg7 Bxf1 28.Qg6 Bd3 29.Qxd3  0-1

[Event "Rishon Le Ziyyon"]
[Site "Rishon Le Ziyyon"]
[Date "1992.??.??"]
[Round "11"]
[White "Kaspi, Alexander"]
[Black "Gruenfeld, Yehuda"]
[Result "0-1"]
[WhiteElo "2425"]
[BlackElo "2510"]

1.d4 Nf6 2.c4 e6 3.Nf3 b6 4.a3 Bb7 5.Nc3 d5 6.cxd5 exd5 7.g3 Be7 8.Qa4+ c6
9.Bg2 O-O 10.Bf4 Nh5 11.Bxb8 Qxb8 12.Ne5 Qe8 13.O-O Bd6 14.f4 Nf6 15.Qb3 Rd8
16.Rad1 Qe7 17.e4 dxe4 18.Nxe4 Nxe4 19.Bxe4 c5 20.Bxb7 Qxb7 21.d5 b5 22.Nc6 c4
23.Qf3 Rde8 24.Rfe1 Rxe1+ 25.Rxe1 b4 26.axb4 Bxb4 27.Re2 Qb5 28.Kg2 a5 29.f5 Bd6
30.f6 g6 31.Qe4 a4 32.Rd2 Kh8 33.Qe3 Bb4 34.Nxb4 Qxb4 35.d6 Qb7+ 36.Qf3 Qd7
37.h3 h5 38.Qe3 Kh7 39.Qe7 Rd8 40.Qxd7 Rxd7 41.Kf3 a3 42.bxa3 c3 43.Rc2 Rxd6
44.Rxc3 Rxf6+ 45.Ke4 Ra6 46.Kd5 g5 47.Kc5 f5 48.Kb5 Rf6 49.a4 f4 50.gxf4 gxf4
51.a5 f3 52.Rc1 Kg6 53.a6 Kg5 54.a7 Rf8 55.Ra1 Ra8 56.Kb6 Kh4 57.Ra5 f2 58.Rf5 Kg3
59.Kb7 Rxa7+ 60.Kxa7 h4 61.Rf8 Kg2 62.Rg8+ Kxh3 63.Rf8 Kg2 64.Rg8+ Kf1 65.Rh8 h3
66.Kb6 Ke2 67.Re8+ Kd1 68.Rd8+ Kc1 69.Rc8+ Kb1  0-1

[Event "ROM-chT"]
[Site "?"]
[Date "1992.??.??"]
[Round "?"]
[White "Radovici, Corvin"]
[Black "Hegedus, Iuliu"]
[Result "1/2-1/2"]
[WhiteElo "2375"]
[BlackElo "2290"]

1.d4 Nf6 2.c4 e6 3.Nf3 b6 4.a3 Bb7 5.Nc3 d5 6.Bg5 Be7 7.Bxf6 Bxf6 8.cxd5 exd5
9.e3 O-O 10.Qb3 Re8 11.Be2 c6 12.O-O Na6 13.Rfd1 Nc7 14.Rac1 Ne6 15.Bd3 g6
16.Qc2 Qd6 17.b4 a5 18.Qb3 axb4 19.axb4 Be7 20.Rb1 Ra7 21.e4 Nf4 22.exd5 Nxd5
23.Bc4 Nxc3 24.Qxc3 Bf6 25.Re1 Raa8 26.Ne5 Re7 27.f4 Kg7 28.Red1 Rd8 29.Be2 Rc7
30.Rbc1 Rdc8 31.Qb3 Rf8 32.Bf3 Be7 33.b5 cxb5 34.Bxb7 Rxb7 35.Qxb5 Qa3 36.Nc4 Qa7
37.d5 Rd8 38.Kh1 f6 39.f5 Bc5 40.d6 Rbd7 41.Rd3 Re8 42.fxg6 hxg6 43.Rf1 Qb7
44.Rdf3 Re6 45.h3 Rf7 46.Rd1 Qd7 47.Rb3 Qxb5 48.Rxb5 Rd7 49.g3 Kf7 50.Rd2 Re4
51.Rc2 Ke6 52.Nxb6 Bxb6 53.Rxb6 Rxd6  1/2-1/2

[Event "Roquebrune rapid"]
[Site "Roquebrune"]
[Date "1992.??.??"]
[Round "13"]
[White "Karpov, Anatoly"]
[Black "Kortschnoj, Viktor"]
[Result "1/2-1/2"]
[WhiteElo "2725"]
[BlackElo "2585"]

1.d4 Nf6 2.c4 e6 3.Nf3 b6 4.a3 Bb7 5.Nc3 d5 6.Qa4+ c6 7.cxd5 exd5 8.g3 Bd6
9.Bg2 O-O 10.O-O Re8 11.Bf4 Bxf4 12.gxf4 Ne4 13.Rfe1 Nxc3 14.bxc3 Nd7 15.c4 dxc4
16.Qxc4 Qf6 17.e3 c5 18.Rad1 cxd4 19.Qxd4 Qxd4 20.Rxd4 Nc5 21.Ne5 Bxg2 22.Kxg2 Rac8
23.Red1 f6 24.Nd3 Nxd3 25.R1xd3 Kf7 26.Rd5 Re7 27.h4 Kg6 28.Kg3 Rc5 29.Rxc5 bxc5
30.Rc3 Rc7 31.Rc4 Kf5 32.Kf3 Ke6 33.Ke4 Kd6 34.Kd3 Kc6 35.Re4 Kb5 36.Kc3 Rd7
37.Re8 a5 38.Re4 a4 39.Re8 Rd1 40.Rb8+ Kc6 41.Rc8+ Kb5 42.Rb8+ Kc6 43.Ra8 Kb5  1/2-1/2

[Event "Roquebrune rapid"]
[Site "Roquebrune"]
[Date "1992.??.??"]
[Round "15"]
[White "Karpov, Anatoly"]
[Black "Polugaevsky, Lev"]
[Result "1-0"]
[WhiteElo "2725"]
[BlackElo "2630"]

1.d4 Nf6 2.c4 e6 3.Nf3 b6 4.a3 Ba6 5.Qc2 c5 6.d5 exd5 7.cxd5 Bb7 8.e4 Qe7
9.Bd3 Nxd5 10.O-O Nc7 11.Bg5 f6 12.Bh4 Nc6 13.Nc3 O-O-O 14.Bg3 d6 15.b4 Ne5
16.bxc5 Nxf3+ 17.gxf3 dxc5 18.Rfd1 h5 19.Nb5 Nxb5 20.Bxb5 a6 21.Bf1 Rxd1
22.Rxd1 g5 23.Bh3+ g4 24.fxg4 Qe6 25.Qd2 Bh6 26.g5 Qxh3 27.Qd6  1-0

[Event "SLO-ch"]
[Site "?"]
[Date "1992.??.??"]
[Round "?"]
[White "Cepon, Dusan"]
[Black "Podlesnik, Bogdan"]
[Result "1/2-1/2"]
[WhiteElo "2305"]
[BlackElo "2375"]

1.d4 Nf6 2.c4 e6 3.Nf3 b6 4.a3 Bb7 5.Nc3 g6 6.Qc2 Bg7 7.e4 O-O 8.Be2 d5 9.cxd5 exd5
10.e5 Ne4 11.Bd3 Nxc3 12.bxc3 c5 13.Qe2 Qc8 14.O-O Ba6 15.Be3 Bxd3 16.Qxd3 c4
17.Qc2 Nc6 18.Nh4 b5 19.f4 f5 20.Rae1 a5 21.Bd2 b4 22.g4 Qd8 23.Nf3 bxc3
24.Bxc3 fxg4 25.Ng5 Qe8 26.Qg2 Ne7 27.Ne6 Qd7 28.Nxf8 Bxf8 29.e6 Qd6 30.Qxg4 Nf5
31.Re5 Bg7 32.Qg2 Bxe5 33.fxe5 Qxe6 34.Rxf5 Qxf5 35.Qxd5+ Kg7 36.Qb7+ Kh6
37.Bd2+ Kh5 38.Qxa8 Qg4+ 39.Kf1 Qd1+ 40.Be1 Qd3+ 41.Kg2 Qe2+ 42.Bf2 Qg4+
43.Kh1 Qd1+ 44.Kg2 Qg4+ 45.Kh1 Qd1+  1/2-1/2

[Event "St Martin op"]
[Site "St Martin"]
[Date "1992.??.??"]
[Round "5"]
[White "Gulko, Boris F"]
[Black "Arnason, Jon L"]
[Result "1/2-1/2"]
[WhiteElo "2560"]
[BlackElo "2515"]

1.d4 Nf6 2.c4 e6 3.Nf3 b6 4.a3 Ba6 5.Qc2 Bb7 6.Nc3 c5 7.dxc5 bxc5 8.Bf4 d6
9.Rd1 Qb6 10.e3 Be7 11.Be2 O-O 12.O-O Rd8 13.Rd2 Nbd7 14.Rfd1 Nf8 15.Ng5 Rd7
16.Bf3 Bxf3 17.Nxf3 Rad8 18.e4 Ng6 19.Bg3 Qb7 20.h3 h6 21.Rb1  1/2-1/2

[Event "Rilton Cup"]
[Site "Stockholm"]
[Date "1992.??.??"]
[Round "9"]
[White "Sandstrom, Ludvig"]
[Black "Stefansson, Hannes"]
[Result "1-0"]
[WhiteElo "2295"]
[BlackElo "2445"]

1.d4 Nf6 2.Nf3 e6 3.c4 b6 4.a3 Ba6 5.Qc2 Bb7 6.Nc3 c5 7.dxc5 bxc5 8.Bf4 Be7
9.Rd1 O-O 10.e3 d6 11.Be2 Qb6 12.O-O h6 13.Nd2 Nc6 14.Bg3 Rad8 15.Nb3 Ne5
16.Rd2 Nfd7 17.f4 Nc6 18.Rfd1 Nf6 19.Bh4 Nb8 20.e4 Rd7 21.e5 Ne8 22.Bf2 Bc6
23.exd6 Rxd6 24.Bf1 Nd7 25.Nb5 Rxd2 26.Nxd2 Nd6 27.Nxd6 Bxd6 28.Ne4 Bxf4
29.b4 Qc7 30.g3 Bxe4 31.Qxe4 Bg5 32.Qd3 Rd8 33.Qd6 Qb7 34.Bg2 Qb6 35.Qxb6 axb6
36.Rd3 Be7 37.Kf1 cxb4 38.axb4 Ne5 39.Rxd8+ Bxd8 40.c5 bxc5 41.Bxc5 Bc7 42.Ke2 f6
43.b5 Nd7 44.Bb4 Kf7 45.Kd3 Bb6 46.Bd6 Bg1 47.Bc6 Nb6 48.h3 Nc8 49.Bb4 Ne7
50.Bf3 Nd5 51.Bd6 Ke8 52.Bh5+ Kd7 53.Bf8 g5 54.Bf3 Bf2 55.g4 Nf4+ 56.Kc4 Nxh3
57.Bc6+ Kd8 58.Bc5 Bxc5 59.Kxc5 Nf2 60.Kd6 e5 61.Bb7 Nxg4 62.b6 Ne3 63.Ba6 Nf5+
64.Ke6 Nd4+ 65.Kd6 Nf5+ 66.Ke6 g4  1-0

[Event "POL-ch (Women)"]
[Site "Swieradow"]
[Date "1992.??.??"]
[Round "11"]
[White "Lewandowska, Katarzyna"]
[Black "Dabrowska, Krystyna"]
[Result "1/2-1/2"]
[WhiteElo "2120"]
[BlackElo "2220"]

1.d4 Nf6 2.Nf3 e6 3.c4 b6 4.a3 Bb7 5.Nc3 Be7 6.Qc2 c5 7.dxc5 bxc5 8.Bg5 Nc6
9.e3 Qa5 10.Rd1 d5 11.Qa4 O-O 12.Be2 Rfd8 13.cxd5 exd5 14.O-O Qxa4 15.Nxa4 Rac8
16.Bxf6 gxf6 17.Nh4 Ne5 18.Nf5 Bf8 19.f4 Ng6 20.Bf3 Ne7 21.Nxe7+ Bxe7 22.Nc3 d4
23.Bxb7 Rb8 24.Be4 dxc3 25.bxc3 Rb3 26.Rxd8+ Bxd8 27.Rb1 Rxb1+ 28.Bxb1 c4
29.Ba2 Ba5 30.Bxc4 Bxc3 31.Kf2 a5 32.a4 h6 33.Kf3 Kg7 34.Kg4 Bb4 35.Kf5 Be1
36.g3 Bb4 37.h4 Bd2 38.e4 Bc3 39.h5 Be1 40.g4 Bd2  1/2-1/2

[Event "SWZ-chI op"]
[Site "?"]
[Date "1992.??.??"]
[Round "3"]
[White "Grooten, Herman"]
[Black "Cebalo, Miso"]
[Result "0-1"]
[WhiteElo "2405"]
[BlackElo "2500"]

1.d4 Nf6 2.c4 e6 3.Nf3 b6 4.a3 Ba6 5.Qc2 Bb7 6.Nc3 c5 7.dxc5 Bxc5 8.Bf4 O-O
9.e3 Be7 10.Rd1 a6 11.Bd3 d6 12.Ng5 h6 13.h4 Nbd7 14.Nge4 e5 15.Nxf6+ Nxf6
16.Bh2 Bxg2 17.Rg1 Bf3 18.Be2 Bxe2 19.Nxe2 Qc7 20.Ng3 Kh8 21.Nf5 Rg8 22.Qd3 Rad8
23.e4 Rd7 24.b3 Bf8 25.Qf3 Qd8 26.Qe3 Kh7 27.Qd3 g6 28.Ne3 h5 29.Bg3 Bh6
30.Nd5 Re8 31.Qf3 Re6 32.Ke2 Nxd5 33.Rxd5 Qe7 34.Rgd1 Rc7 35.Qd3 Rc6 36.f3 Rf6
37.a4 Qe6 38.Rh1 Qc8 39.Bf2 b5 40.axb5 axb5 41.Rxb5 Ra6 42.Be1 Ra2+ 43.Kd1 Qa8
44.Rh3 Ra1+ 45.Ke2 Qa2+ 46.Bd2 Rg1 47.Rh2  0-1

[Event "SWZ-chI op"]
[Site "?"]
[Date "1992.??.??"]
[Round "5"]
[White "Sutter, Oliver"]
[Black "Illi, Hans Joerg"]
[Result "1-0"]
[WhiteElo "2240"]
[BlackElo "2205"]

1.d4 e6 2.c4 Nf6 3.Nf3 b6 4.a3 Ba6 5.Qc2 Bb7 6.Nc3 d5 7.cxd5 exd5 8.Bf4 c6
9.g3 Be7 10.Bg2 Nbd7 11.O-O O-O 12.Rad1 Nh5 13.Bc1 f5 14.b4 b5 15.Ne5 Nb6
16.Bf3 g6 17.Bxh5 gxh5 18.Bh6 Rf6 19.Qc1 Qd6 20.Bg5 Rff8 21.Qf4 Nd7 22.Bxe7 Qxe7
23.Nxd7 Qxd7 24.Na2 Qe7 25.Nc1 h4 26.Rd3 hxg3 27.hxg3 Rae8 28.Re3 Qf6 29.Nd3 Re4
30.Rxe4 fxe4 31.Qxf6 Rxf6 32.Nc5 Bc8 33.Kg2 Rh6 34.Ra1 Bh3+ 35.Kg1 Bg4 36.Ra2 Bc8
37.a4 a6 38.f3 exf3 39.exf3 Rf6 40.Kg2 Rf7 41.a5 Rf6 42.Re2 Kf7 43.Nd3 Rh6
44.g4 Rf6 45.Kg3 Kf8 46.f4 Rg6 47.Ne5 Rg7 48.Kh4 Bb7 49.f5  1-0

[Event "Tel Aviv"]
[Site "Tel Aviv"]
[Date "1992.??.??"]
[Round "3"]
[White "Gofshtein, Leonid D"]
[Black "Psakhis, Lev"]
[Result "1/2-1/2"]
[WhiteElo "2485"]
[BlackElo "2605"]

1.d4 Nf6 2.Nf3 e6 3.c4 b6 4.a3 Ba6 5.Qc2 Bb7 6.Nc3 c5 7.dxc5 bxc5 8.Bf4 Be7
9.e3 O-O 10.Rd1 d5 11.Be2 Nbd7 12.O-O Qb6 13.cxd5 exd5 14.Ne5 Rfd8 15.Bf3 Nf8
16.Na4 Qb5 17.Bg5 Ne6 18.Bxf6 Bxf6 19.Ng4 d4 20.Bxb7 Qxb7 21.Nxf6+ gxf6 22.Nxc5 Nxc5
23.Qxc5 dxe3 24.Rxd8+ Rxd8 25.Qxe3 Qxb2 26.Qxa7 Rd3 27.a4 Ra3 28.Qa8+ Kg7
29.Qe4 Qb3 30.Qg4+ Kh6 31.Qd4 Kg7 32.Qg4+ Kh6 33.g3 Rxa4 34.Qg8 Qd5 35.Re1 Rd4  1/2-1/2

[Event "Tel Aviv-B"]
[Site "Tel Aviv"]
[Date "1992.??.??"]
[Round "4"]
[White "Kaspi, Alexander"]
[Black "Kosashvili, Yona"]
[Result "1/2-1/2"]
[WhiteElo "2380"]
[BlackElo "2460"]

1.d4 Nf6 2.c4 e6 3.Nf3 b6 4.a3 Bb7 5.Nc3 d5 6.cxd5 Nxd5 7.e3 Be7 8.Bb5+ c6
9.Bd3 O-O 10.Qc2 h6 11.e4 Nxc3 12.bxc3 c5 13.Qe2 cxd4 14.cxd4 Qc8 15.O-O Ba6
16.Rd1 Bxd3 17.Rxd3 Nd7 18.Bb2 Rd8 19.Rad1 Qa6 20.Qe3 Bf8 21.d5 Nc5 22.R3d2 Qa4
23.Rd4 Qc2 24.Bc3 exd5 25.Rc1 Qa2 26.Ra1 Qc2 27.Rc1 Qa2 28.Ra1 Qc2 29.Rc1  1/2-1/2

[Event "Tilburg"]
[Site "Tilburg"]
[Date "1992.??.??"]
[Round "2"]
[White "Gelfand, Boris"]
[Black "Adams, Michael"]
[Result "1/2-1/2"]
[WhiteElo "2685"]
[BlackElo "2610"]

1.d4 Nf6 2.c4 e6 3.Nf3 b6 4.a3 Ba6 5.Qc2 Bb7 6.Nc3 c5 7.e4 cxd4 8.Nxd4 Nc6
9.Nxc6 Bxc6 10.Bf4 Bc5 11.Be2 O-O 12.Rd1 a5 13.Bg3 Qc8 14.O-O Qb7 15.Bf3 Ne8
16.Rd3 d6 17.Rb1 a4 18.e5 dxe5 19.Bxe5 f6 20.Bg3 e5 21.Nd5 Nc7 22.b4 axb3
23.Rdxb3 Nxd5 24.cxd5 Bxd5 25.Qxc5 bxc5 26.Rxb7 Bxb7 27.Bxb7 Rxa3 28.f4  1/2-1/2

[Event "Zalaegerszeg op"]
[Site "Zalaegerszeg"]
[Date "1992.??.??"]
[Round "?"]
[White "Szeles, Karoly"]
[Black "Peters, Carsten"]
[Result "0-1"]
[WhiteElo "2355"]
[BlackElo "2290"]

1.d4 Nf6 2.c4 e6 3.Nf3 b6 4.a3 Bb7 5.Nc3 d5 6.cxd5 Nxd5 7.Qc2 Be7 8.e4 Nxc3
9.bxc3 O-O 10.Bd3 c5 11.h4 cxd4 12.cxd4 Ba6 13.Bxa6 Nxa6 14.Be3 Qc8 15.Qd3 Rd8
16.O-O Qb7 17.Qe2 Nc7 18.Bg5 Ne8 19.Bxe7 Qxe7 20.a4 Nf6 21.a5 Qb7 22.Rfe1 b5
23.a6 Qb6 24.Rec1 b4 25.Rab1 Rac8 26.Rxc8 Rxc8 27.Qd3 h6 28.Nd2 Qa5 29.Nb3 Qh5
30.g3 Rc3 31.Qd2 Nxe4 32.Qf4 Qe2 33.Nc5 Nd2 34.Qb8+ Kh7 35.Nd7 Rxg3+ 36.Qxg3 Nxb1
37.Qb8 Qg4+ 38.Kf1 Nd2+ 39.Ke1 Nf3+ 40.Kf1 Nd2+ 41.Ke1 Nf3+ 42.Kf1 Qh3+ 43.Ke2 Nxd4+
44.Ke1 Qc3+ 45.Kf1 Qc1+ 46.Kg2  0-1

[Event "Alcobendas op"]
[Site "Alcobendas"]
[Date "1993.??.??"]
[Round "6"]
[White "San Segundo, Pablo"]
[Black "Rodriguez, A."]
[Result "0-1"]
[WhiteElo "2440"]
[BlackElo "2490"]

1.d4 Nf6 2.c4 e6 3.Nf3 b6 4.a3 c5 5.d5 Ba6 6.Qc2 exd5 7.cxd5 g6 8.Nc3 Bg7
9.g3 O-O 10.Bg2 d6 11.O-O Nbd7 12.Re1 Re8 13.h3 b5 14.e4 Rc8 15.Bf1 c4 16.Bf4 Nc5
17.Rad1 Qb6 18.e5 dxe5 19.Nxe5 Bb7 20.g4 Nfd7 21.Nc6 Rxe1 22.Rxe1 Rxc6 23.dxc6 Qxc6
24.Ne4 Nxe4 25.Bg2 Ndc5 26.a4 a6 27.axb5 axb5 28.Re2 f5 29.gxf5 gxf5 30.f3 Nd3
31.Bh2 Ng5  0-1

[Event "Mephisto-GM-Turnier"]
[Site "Altensteig"]
[Date "1993.??.??"]
[Round "4"]
[White "Boensch, Uwe"]
[Black "Jussupow, Artur"]
[Result "0-1"]
[WhiteElo "2525"]
[BlackElo "2630"]

1.d4 Nf6 2.c4 e6 3.Nf3 b6 4.a3 Bb7 5.Nc3 d5 6.Bg5 Be7 7.Qa4+ c6 8.cxd5 Nxd5
9.Bxe7 Nxe7 10.g3 O-O 11.Bg2 Nd7 12.O-O Qc7 13.b4 a5 14.Qc2 h6 15.Rac1 axb4
16.axb4 Rfc8 17.Rfd1 Qd6 18.Qb2 Nd5 19.Nxd5 cxd5 20.Ne5 f6 21.Nxd7 Qxd7 22.Qb3 Bc6
23.Bh3 f5 24.Re1 Bb5 25.Rxc8+ Rxc8 26.Qe3 Qd6 27.Bg2 Rc2 28.Bf3 Ra2 29.Kg2 Kf7
30.Rb1 Bc4 31.h4 Kf6 32.Kf1 Ra4 33.Kg2 Ra2 34.Qc3 e5 35.e4 dxe4 36.dxe5+ Qxe5
37.Qxc4 exf3+ 38.Kxf3 Ra3+ 39.Kg2 Rc3 40.Qf1 f4 41.Re1 Qd5+ 42.Kg1 Qc4 43.Qh3 fxg3
44.fxg3 Rc1 45.Rxc1 Qxc1+ 46.Kh2 Qd2+ 47.Qg2 Qxg2+ 48.Kxg2 Ke5 49.h5 Kd4
50.Kf3 Kc4 51.Ke4 b5 52.Kf5 Kxb4 53.Kg6 Kc5 54.Kxg7 b4 55.Kxh6 b3 56.Kg7 b2
57.h6 b1=Q 58.h7 Qb7+ 59.Kg8 Qc8+ 60.Kg7 Qd7+ 61.Kg8 Qe8+ 62.Kg7 Qe7+ 63.Kg8 Qg5+
64.Kh8 Qg6  0-1

[Event "Alushta"]
[Site "Alushta"]
[Date "1993.??.??"]
[Round "?"]
[White "Savchenko, Stanislav"]
[Black "Dragomarezkij, Evgeni"]
[Result "1-0"]
[WhiteElo "2535"]
[BlackElo "2465"]

1.d4 Nf6 2.c4 e6 3.Nf3 b6 4.a3 Bb7 5.Nc3 d5 6.Qc2 Be7 7.cxd5 exd5 8.g3 O-O
9.Bg2 c5 10.O-O Na6 11.Bf4 Qc8 12.Rad1 Rd8 13.Be5 Ne4 14.dxc5 Nxc3 15.Qxc3 bxc5
16.Qb3 Bc6 17.Bf4 Bf6 18.Qc2 h6 19.Rc1 Bb7 20.Rfd1 Qe6 21.h4 Rac8 22.Kh2 Rc6
23.Bh3 Qe7 24.h5 Nc7 25.Bg2 Ne6 26.Bd2 Nd4 27.Nxd4 cxd4 28.Qb3 Rb6 29.Qf3 Rxb2
30.Rb1 Rxb1 31.Rxb1 Ba6 32.Ba5 Rc8 33.Qf5 Qe6 34.Bh3 Re8 35.Qf4 Qxe2 36.Re1 Qb5
37.Bf1 d3 38.Bxd3 Qxd3 39.Rxe8+ Kh7 40.Qb8 g6 41.Qxa7 Kg7 42.hxg6 Kxg6 43.Rf8  1-0

[Event "Bad Ragaz op"]
[Site "?"]
[Date "1993.??.??"]
[Round "8"]
[White "Cvitan, Ognjen"]
[Black "Jurek, Josef"]
[Result "1-0"]
[WhiteElo "2550"]
[BlackElo "2305"]

1.d4 Nf6 2.c4 e6 3.Nf3 b6 4.a3 Bb7 5.Nc3 d5 6.cxd5 exd5 7.g3 Be7 8.Qa4+ c6
9.Bg2 O-O 10.O-O Nbd7 11.Bf4 Nh5 12.Bd2 Nhf6 13.Rad1 a5 14.Bf4 b5 15.Qc2 b4
16.Nb1 bxa3 17.Nxa3 Qb6 18.Nb1 c5 19.Nc3 c4 20.Ne5 Rad8 21.Bg5 Rfe8 22.e3 Nb8
23.Rb1 Na6 24.Qa4 Qb4 25.Nxc4 dxc4 26.Qxb4 axb4 27.Bxb7 bxc3 28.Bxf6 c2 29.Rbc1 Nb4
30.Bxe7 Rxe7 31.Bf3 Rc8 32.Bg4 Ra8 33.Bf5 Ra2 34.Bxc2 Rxb2 35.Ba4 Rc7 36.d5 Kf8
37.d6 Rc5 38.Rfd1 Nd5 39.e4 Ra2 40.d7 Ke7 41.Bb3  1-0

[Event "Barcelona"]
[Site "Barcelona"]
[Date "1993.??.??"]
[Round "3"]
[White "Shevelev, Sergei"]
[Black "Vehi Bach, Victor Manuel"]
[Result "1-0"]
[WhiteElo "2430"]
[BlackElo "2380"]

1.d4 Nf6 2.c4 e6 3.Nf3 b6 4.a3 Ba6 5.Qc2 Bb7 6.Nc3 c5 7.e4 cxd4 8.Nxd4 Nc6
9.Nxc6 Bxc6 10.Bf4 Nh5 11.Be3 Qb8 12.O-O-O Bd6 13.g3 Be5 14.Bd3 f5 15.Bd2 Nf6
16.f3 O-O 17.Kb1 Bxc3 18.Bxc3 fxe4 19.fxe4 e5 20.Qe2 d6 21.Bc2 Qb7 22.Rhe1 Rad8
23.Bb4 Qe7 24.Qd3 Ng4 25.Bxd6 Qe6 26.c5 Kh8 27.Qc3 Rfe8 28.Bc7 Rxd1+ 29.Rxd1 Nf2
30.Rd6 Nxe4 31.Qd3  1-0

[Event "JUG-chT2"]
[Site "Becici"]
[Date "1993.??.??"]
[Round "5"]
[White "Petronic, Jovan"]
[Black "Abramovic, Bosko"]
[Result "1-0"]
[WhiteElo "2435"]
[BlackElo "2475"]

1.Nf3 Nf6 2.d4 e6 3.c4 b6 4.a3 d5 5.Nc3 Be7 6.Bf4 O-O 7.e3 c5 8.Rc1 Nc6 9.cxd5 exd5
10.Ne5 Bb7 11.Be2 c4 12.g4 a6 13.g5 Ne8 14.h4 Nxe5 15.Bxe5 Bd6 16.Bxd6 Qxd6
17.Bf3 b5 18.Bg2 Nc7 19.Qg4 a5 20.O-O Bc6 21.Ne2 b4 22.axb4 axb4 23.Ng3 Bd7
24.Qh5 Ra2 25.Rb1 Be6 26.f4 Bd7 27.Qf3 Re8 28.f5 Bc8 29.Kh1 c3 30.bxc3 bxc3
31.Rbc1 c2 32.Rf2 Qb6 33.Qe2 Ba6 34.Qd2 Qb3 35.Rxc2 Rxc2 36.Qxc2 Qxe3 37.Rf3 Qe1+
38.Kh2 Qa5 39.g6 fxg6 40.fxg6 Ne6 41.Qf5 Qd8 42.Re3 hxg6 43.Qxg6 Bc8 44.Bxd5 Qd7
45.Re5 Qf7 46.Qxf7+ Kxf7 47.Ne4 Rd8 48.Ng5+ Kf6 49.Bxe6 Rxd4 50.Rf5+ Kg6
51.h5+ Kh6 52.Nf7+ Kh7 53.Bxc8  1-0

[Event "Benasque op"]
[Site "Benasque"]
[Date "1993.??.??"]
[Round "9"]
[White "San Segundo, Pablo"]
[Black "Lalic, Bogdan"]
[Result "1/2-1/2"]
[WhiteElo "2440"]
[BlackElo "2520"]

1.d4 e6 2.c4 Nf6 3.Nf3 b6 4.a3 Bb7 5.Nc3 d5 6.Qa4+ Qd7 7.Qb3 dxc4 8.Qxc4 a6
9.Bg5 Be7 10.Rd1 O-O 11.Qd3 Rd8 12.e4 Qe8 13.Qc2 h6 14.Be3 c5 15.Be2 Nc6
16.h3 cxd4 17.Nxd4 Bc5 18.Nxc6 Qxc6 19.Bxc5 Qxc5 20.Bf3 Qc4 21.Rxd8+ Rxd8
22.Qe2 Rd3 23.O-O Qd4 24.Rb1 g5 25.Kf1 h5 26.Rd1 Rxd1+ 27.Qxd1 Qxd1+ 28.Bxd1 h4
29.Bc2 Bc6 30.g3 e5 31.Bd3 a5 32.g4 Kf8 33.f3 Ke7 34.Bb5  1/2-1/2

[Event "Biel op"]
[Site "Biel"]
[Date "1993.??.??"]
[Round "3"]
[White "Littke, Adam"]
[Black "Djurhuus, Rune"]
[Result "1/2-1/2"]
[WhiteElo "2270"]
[BlackElo "2460"]

1.d4 Nf6 2.Nf3 e6 3.c4 b6 4.a3 Bb7 5.Nc3 d5 6.cxd5 exd5 7.g3 Be7 8.Qa4+ c6
9.Bg2 O-O 10.O-O Nbd7 11.Bf4 c5 12.Rad1 a6 13.dxc5 bxc5 14.Ne5 Nb6 15.Qb3 Bd6
16.Na4 Nxa4 17.Qxb7 Rb8 18.Qxa6 Nxb2 19.Nxf7 Rxf7 20.Qxd6 Qxd6 21.Bxd6 Rd8
22.Bxc5 Nxd1 23.Rxd1 Rb7 24.Bd4 Kf7 25.Bxf6 Kxf6 26.Bxd5 Rb2 27.e4 Rc8 28.Rd3 g5
29.Rf3+ Kg6 30.h3 h5 31.Bf7+ Kh6 32.Rf6+ Kg7 33.Rf5 Rf8 34.Bxh5 Rxf5 35.exf5 Ra2
36.h4 gxh4 37.gxh4 Rxa3 38.Bg6 Rh3 39.h5 Kf6 40.Kg2 Rh4 41.Kg3 Kg5 42.f6  1/2-1/2

[Event "Bojnice"]
[Site "Bojnice"]
[Date "1993.??.??"]
[Round "?"]
[White "Hanko, Pavel"]
[Black "Huba, Martin"]
[Result "1-0"]
[WhiteElo "2225"]
[BlackElo "2195"]

1.d4 Nf6 2.Nf3 b6 3.c4 e6 4.a3 Bb7 5.Nc3 Be7 6.d5 d6 7.e4 e5 8.Be2 Nbd7 9.O-O O-O
10.h3 Ne8 11.Be3 g6 12.Qd2 Ng7 13.Bh6 Nc5 14.Rad1 a5 15.b4 axb4 16.axb4 Na4
17.Ra1 Qd7 18.c5 Nxc3 19.Qxc3 bxc5 20.bxc5 Rxa1 21.Rxa1 Bc8 22.c6 Qe8 23.Ra8 Bf6
24.Ba6 Bxa6 25.Rxe8 Rxe8 26.Qa5 Ra8 27.Ne1 Nh5 28.g3 Bg7 29.Bxg7 Kxg7 30.Nc2 Nf6
31.f3 Nh5 32.Kf2 h6 33.Nb4 Rb8 34.Nxa6 Rb2+ 35.Ke3 Nxg3 36.Nxc7 Nh5 37.Ne8+ Kh7
38.Qc3  1-0

[Event "Bratislava op"]
[Site "Bratislava"]
[Date "1993.??.??"]
[Round "5"]
[White "Zimmerman, Yuri"]
[Black "Fish, Gannadij"]
[Result "1/2-1/2"]
[WhiteElo "2360"]
[BlackElo "2440"]

1.d4 Nf6 2.Nf3 e6 3.c4 b6 4.a3 Bb7 5.Nc3 d5 6.cxd5 exd5 7.g3 Be7 8.Qa4+ c6
9.Bg2 O-O 10.O-O Bd6 11.Nh4 Na6 12.Bg5 Nc7 13.e4 dxe4 14.Nxe4 Be7 15.Nf5 Nfd5
16.Bxe7 Nxe7 17.Ned6 Nxf5 18.Nxf5 Qf6 19.Bxc6 Bxc6 20.Qxc6 Ne6 21.Qe4 g6
22.Nh6+  1/2-1/2

[Event "Brno"]
[Site "Brno"]
[Date "1993.??.??"]
[Round "1"]
[White "Gofshtein, Leonid D"]
[Black "Schlosser, Philipp"]
[Result "1/2-1/2"]
[WhiteElo "2540"]
[BlackElo "2550"]

1.d4 Nf6 2.c4 e6 3.Nf3 b6 4.a3 Bb7 5.Nc3 d5 6.Qc2 dxc4 7.e4 c5 8.dxc5 Bxc5
9.Bxc4 Nbd7 10.Bf4 a6 11.O-O Rc8 12.Qe2 b5 13.Bd3 Nh5 14.Bg5 Qc7 15.a4 h6
16.Bd2 b4 17.Na2 a5 18.Nc1 O-O 19.Nb3 Bb6 20.Ba6 Nhf6 21.Rac1 Qb8 22.Bxb7 Qxb7
23.e5 Ne4 24.Be3 Qd5 25.Bxb6 Nxb6 26.Nxa5 Qxa5 27.Qxe4 Qxa4 28.Nd4 Nd5 29.Ra1 Qd7
30.Rfd1 Rc4 31.Qd3 Rfc8 32.g3 Qc7 33.Re1 Qc5 34.Nb3 Qb6 35.Ra8 Rxa8 36.Qxc4 Qb8
37.Nd4 Qa7 38.h4 Qa2 39.Qc6 Qa6 40.Qxa6 Rxa6 41.h5 Ra2 42.Re2 Ra1+ 43.Kg2 Rd1
44.Nb3 Kf8  1/2-1/2

[Event "Brno"]
[Site "Brno"]
[Date "1993.??.??"]
[Round "3"]
[White "Boensch, Uwe"]
[Black "Chernin, Alexander"]
[Result "1/2-1/2"]
[WhiteElo "2525"]
[BlackElo "2615"]

1.d4 Nf6 2.c4 e6 3.Nf3 b6 4.a3 Ba6 5.Qc2 Bb7 6.Nc3 c5 7.e4 cxd4 8.Nxd4 d6
9.Bg5 Nbd7 10.O-O-O a6 11.Be2 Qc7 12.f4 Be7 13.Rhe1 h6 14.Bh4 g5 15.e5 gxh4
16.exf6 Nxf6 17.f5 e5 18.Nf3 h3 19.gxh3 O-O-O 20.Nd2 Rhg8 21.Bf1 Kb8 22.Nde4 Nxe4
23.Nxe4  1/2-1/2

[Event "Brno"]
[Site "Brno"]
[Date "1993.??.??"]
[Round "4"]
[White "Boensch, Uwe"]
[Black "Stohl, Igor"]
[Result "1/2-1/2"]
[WhiteElo "2525"]
[BlackElo "2545"]

1.Nf3 Nf6 2.c4 b6 3.d4 e6 4.a3 Bb7 5.Nc3 d5 6.Bg5 Be7 7.Qa4+ Nbd7 8.Bxf6 Bxf6
9.cxd5 exd5 10.g3 c5 11.Bh3 a6 12.Rd1 b5 13.Qc2 c4 14.O-O O-O 15.e4 dxe4
16.Ne5 Nb6 17.Bg2 Bxe5 18.dxe5 Qc7 19.Bxe4 Bxe4 20.Qxe4 Rae8 21.Rfe1 Re6
22.Nd5 Nxd5 23.Rxd5 f6  1/2-1/2